Mizan law review

Detalles Bibliográficos
Autor Corporativo: St. Mary's University College. Faculty of Law
Formato: Revista
Lenguaje:inglés
Publicado: Addis Ababa : St. Mary's University College. Faculty of Law, 2007-
Materias:
Acceso en línea:Acceso restringido

MARC

LEADER 00000nas a2200000 a 4500
005 2012071000220.0
007 cr |||||||||||
008 126111c20079999et fr p s 0 a0eng|c
022 |y 1998-9881 
035 |a 6346 
040 |d vLex 
041 0 |a eng  |b amh  
090 |c 3280  |d 3280 
245 0 0 |a Mizan law review  |h [Recurso electrn̤ico] 
256 |a Servicio en ln̕ea 
260 |a Addis Ababa :  |b St. Mary's University College. Faculty of Law,  |c 2007-  
300 |a 1 recurso electrn̤ico 
310 |a Semestral 
362 0 |a Vol. 1, no. 1 (June 2007)- 
500 |a Mizan Law Review publishes peer reviewed scholarly articles that identify, examine, explore and analyze legal and related principles, stipulations and concepts based on research findings. Mizan’s articles aim at interpretation, description, exploration and diagnosis towards the solution of problems (or legal issues) including proactive critique and projection that assist the development of laws. 
506 1 |a Contenido solo disponible en los productos indicados  |d vLex Global   |d vLex Global (Academic Edition, excluding Law Schools)   |d vLex Global (U.S. Academic Edition, Law Schools)   |d vLex Global (U.S. Academic Edition, excluding Law Schools)   |d vLex Global (Academic Edition, Law Schools)  
546 |a Textos en inglš y agunos en Amharic 
650 0 4 |a Derecho 
651 4 |a Etiopia 
710 2 |a St. Mary's University College.  |b Faculty of Law 
740 0 |a Revistas vLex (Servicio en ln̕ea) 
856 4 0 |z Acceso restringido  |u http://vlex.com/source/mizan-law-review-6346 
942 |c REV 
999 0 |a Law